000 01110cam a22003138i 4500
001 BK0023817001
003 DLC
005 20190411104021.0
008 190207s2019 nyu 000 1 eng
010 _a2019004743
020 _a9781501193620 : HRD
_c26.99
020 _a1501193627 : HRD
_c26.99
_z9781501193644 (ebook)
037 _bSimon & Schuster, Order Dept 100 Front st, Riverside, NJ, USA, 08075
_nSAN 200-2442
040 _aDLC
_beng
_erda
_cDLC
050 0 0 _aPS3563.O529
_bS87 2019
082 0 0 _a813/.54
_223
092 _a813.5400
100 1 _aMonroe, Mary Alice,
_eauthor.
_958178
245 1 4 _aThe summer guests /
_cMary Alice Monroe.
250 _aFirst Gallery Books hardcover edition.
263 _a1906
264 1 _aNew York :
_bGallery Books,
_c2019.
300 _apages cm
336 _atext
337 _aunmediated
338 _avolume
776 0 8 _iOnline version:
776 0 8 _aMonroe, Mary Alice, author.
_tSummer guests
_bFirst Gallery Books hardcover edition.
_dNew York : Gallery Books, 2019
_z9781501193644
_w(DLC) 2019006446
999 _c243340
_d243340